000 00462nam a2200169Ia 4500
008 230711s9999||||xx |||||||||||||| ||und||
020 _a978-81-203-2186-1
041 _aENG
082 _a4
_bRA-N
100 _aRajasekaran S
245 0 _aNeural networks fuzzy logic and genetic algorithm
250 _a1st . Ed.
260 _c2003
_aNew Delhi
_bPHI Learning Private Limited
650 _aComputer Engineering
700 _aPai.G A Vijayalakshmi
942 _cBK
999 _c4071
_d4071